Оценка содержания радиоактивных элементов в почвах и листьях на территории г. Кызыл (Республика Тува); Проблемы геологии и освоения недр; Т. 1
| Parent link: | Проблемы геологии и освоения недр: труды XVIII Международного симпозиума имени академика М. А. Усова студентов и молодых ученых, Томск, 7-11 апреля 2014 г./ Национальный исследовательский Томский политехнический университет (ТПУ), Институт природных ресурсов (ИПР) ; Общество инженеров-нефтяников, международная некоммерческая организация, Студенческий чаптер ; под ред. А. Ю. Дмитриева.— , 2014 Т. 1.— [С. 744-746] |
|---|---|
| Main Author: | |
| Corporate Author: | |
| Other Authors: | |
| Summary: | Заглавие с экрана |
| Language: | Russian |
| Published: |
|
| Series: | Геоэкология, охрана и защита окружающей среды. Геоинформационные системы в геоэкологии |
| Subjects: | |
| Online Access: | http://earchive.tpu.ru/handle/11683/65490 http://www.lib.tpu.ru/fulltext/c/2014/C11/V1/364.pdf |
| Format: | Electronic Book Chapter |
| KOHA link: | https://koha.lib.tpu.ru/cgi-bin/koha/opac-detail.pl?biblionumber=608398 |
MARC
| LEADER | 00000naa2a2200000 4500 | ||
|---|---|---|---|
| 001 | 608398 | ||
| 005 | 20260320095034.0 | ||
| 035 | |a (RuTPU)RU\TPU\conf\5829 | ||
| 035 | |a RU\TPU\conf\5816 | ||
| 090 | |a 608398 | ||
| 100 | |a 20140929d2014 k y0rusy50 ca | ||
| 101 | 0 | |a rus | |
| 102 | |a RU | ||
| 135 | |a drmn ---uucaa | ||
| 181 | 0 | |a i | |
| 182 | 0 | |a b | |
| 200 | 1 | |a Оценка содержания радиоактивных элементов в почвах и листьях на территории г. Кызыл (Республика Тува) |f Е. Я. Намчак |g науч. рук. Е. Г. Язиков | |
| 203 | |a Текст |c электронный | ||
| 225 | 1 | |a Геоэкология, охрана и защита окружающей среды. Геоинформационные системы в геоэкологии | |
| 300 | |a Заглавие с экрана | ||
| 320 | |a [Библиогр.: с. 746 (4 назв.)] | ||
| 337 | |a Adobe Reader | ||
| 461 | 1 | |0 (RuTPU)RU\TPU\conf\5590 |t Проблемы геологии и освоения недр |o труды XVIII Международного симпозиума имени академика М. А. Усова студентов и молодых ученых, Томск, 7-11 апреля 2014 г. |o в 2 т. |f Национальный исследовательский Томский политехнический университет (ТПУ), Институт природных ресурсов (ИПР) ; Общество инженеров-нефтяников, международная некоммерческая организация, Студенческий чаптер ; под ред. А. Ю. Дмитриева |d 2014 | |
| 463 | 1 | |0 (RuTPU)RU\TPU\conf\5592 |t Т. 1 |v [С. 744-746] | |
| 610 | 1 | |a труды учёных ТПУ | |
| 610 | 1 | |a электронный ресурс | |
| 610 | 1 | |a радиоактивные элементы | |
| 610 | 1 | |a почва | |
| 610 | 1 | |a листья | |
| 610 | 1 | |a Тува | |
| 610 | 1 | |a уран | |
| 610 | 1 | |a торий | |
| 700 | 1 | |a Намчак |b Е. Я. | |
| 702 | 1 | |a Язиков |b Е. Г. |c специалист в области урановой геологии, радиоэкологии, геоэкологии, экогеохимии |c профессор Томского политехнического университета, доктор геолого-минералогических наук, заместитель проректора по образовательной и международной деятельности |f 1955- |g Егор Григорьевич |4 727 | |
| 712 | 0 | 2 | |a Национальный исследовательский Томский политехнический университет (ТПУ) |b Институт природных ресурсов (ИПР) |b Кафедра геоэкологии и геохимии (ГЭГХ) |3 (RuTPU)RU\TPU\col\18658 |
| 801 | 2 | |a RU |b 63413507 |c 20210916 |g RCR | |
| 856 | 4 | |u http://earchive.tpu.ru/handle/11683/65490 | |
| 856 | 4 | |u http://www.lib.tpu.ru/fulltext/c/2014/C11/V1/364.pdf | |
| 942 | |c BK | ||